Response Types to Carbon Emissions - Statistics

General Stats
  • This quiz has been taken 5 times
  • The average score is 4 of 6
Answer Stats
Question Answer % Correct
A car corporation releases a new line of affordable, powerful electric vehicles Technocentrism
100%
A group of schoolchildren carpool to school instead of driving seperately Ecocentrism
80%
A company transitions from carbon emissions to nuclear power Technocentrism
80%
A city council closes a plant that is polluting the air Anthropocentrism
60%
A new state law restricts the manufacture of new gasoline and diesel powered vehicles Anthropocentrism
60%
An employee bikes to work instead of walking Ecocentrism
40%
No matching quizzes found
Score Distribution
Percent of People with Each Score
Percentile by Number Answered
Your Score History
You have not taken this quiz